000 01189cad a22002415a 4500
001 L152010
008 110121e20110121xxkd f s 000 0 eng d
035 _a(Sirsi) u152010
041 0 _aeng
050 0 4 _a333.33 $2 18
110 2 _aRoyal Institution of Chartered Surveyors
_bEconomics
_95033
245 0 0 _aRICS global real estate weekly
_b21 January 2011
_h[electronic resource]
260 _aLondon
_bRICS
_c2011
490 0 _aRICS Global Real Estate Weekly
_v21 January 2011
520 _a2011 likely to be a year of two halves for Cypriot property market. US house prices likely to decline by 5% in 2011. Hong Kong Monetary Authority waiting for evidence of slowing market in December mortgage approvals. Indian property market to feel further effects from interest rate hikes in 2011.
590 _aKA
650 2 4 _aRICS GLOBAL REAL ESTATE WEEKLY
651 4 _aInternational
690 _aPROPERTY-RESIDENTIAL PROPERTY-RESIDENTIAL PROPERTY MARKET
690 _aPROPERTY-COMMERCIAL PROPERTY-COMMERCIAL PROPERTY MARKET
856 4 0 _uhttps://www.rics.org/site/scripts/download_info.aspx?fileID=8627&categoryID=419
_zView the report free of charge at www.rics.org
942 _n0
999 _c111794
_d111794